Vplyv oligomérnych zmäkčovadiel na vlastnosti biodegradovateľných polymérnych zmesí PLA/PHB

Uložené v:
Podrobná bibliografia
Hlavný autor: Sjekelová, Barbora (Autor)
Ďalší autori: Plavec, Roderik (Vedúci práce)
Médium: Rukopis Kniha
Jazyk:Slovak
Vydavateľské údaje: 2020
Predmet:
On-line prístup:http://is.stuba.sk/zp/portal_zp.pl?podrobnosti=150797
Tagy: Pridať tag
Žiadne tagy, Buďte prvý, kto otaguje tento záznam!

MARC

LEADER 00000ntm a22000003a 4500
001 stuzp78518
003 SK-STU
005 20200627210334.8
007 ta
008 150427s2015----xo-----f-mn---000-0-slo-d
040 |a STU  |b slo 
041 0 |a slo 
100 1 |a Sjekelová, Barbora  |u 049370  |4 aut  |U FCHPT Ústav prírodných a syntetických polymérov  |T FCHPT Oddelenie plastov, kaučuku a vlákien  |X 65101  |U C9370  |Y 128  |7 65101 
242 0 1 |a The Influence of Oligomeric Plasticizers on the Properties of Biodegradable PLA / PHB Polymer Blends  |y eng 
245 1 0 |a Vplyv oligomérnych zmäkčovadiel na vlastnosti biodegradovateľných polymérnych zmesí PLA/PHB 
260 |c 2020 
650 4 |a biodegradácia  |2 slo 
650 4 |a kyselina polymliečna  |2 slo 
650 4 |a polyhydroxybutyrát  |2 slo 
650 4 |a polyhydroxybutyrate  |2 eng 
650 4 |a biodegradability  |2 eng 
650 4 |a polylactic acid  |2 eng 
700 1 |a Plavec, Roderik  |u 049370  |k Z2  |4 ths  |U FCHPT Ústav prírodných a syntetických polymérov  |T FCHPT Oddelenie plastov, kaučuku a vlákien  |X 26421  |U C9370  |Y 128  |7 A000026421 
856 4 |u http://is.stuba.sk/zp/portal_zp.pl?podrobnosti=150797